00926nam a2200241 a 4500001001300000003000900013005001700022008004100039020001800080040002800098043001200126082002500138100004100163245010900204260008100313300004700394504006100441650002300502650005900525650003900584650004200623650001900665C01355881c-0CO-ViMGA20230915234404.0120803s2012 ck a gr 00010cspa d a9789587600155 aCO-ViMGAbspacCO-ViMGA as-ck---04aFr306.85 bV49f 2211 aVizcaíno Gutiérrez, Milcíades.10aLas familias en Villavicencio : bsu travesía por la modernidad /cMilcíades Vizcaíno Gutiérrez. aBogotá : bUniversidad Cooperativa de Colombia. Sede Villavicencio,c2012. a526 páginas : bilustraciones ; c24 cm. aIncluye referencias bibliográficas (páginas 481-526)14aEstructura social.14aFamiliax Aspectos socialesz Villavicencio (Colombia)14aFamiliaz Villavicencio (Colombia)14aModernidadz Villavicencio (Colombia)14aVida familiar.